=LDR 00000nam 2200000 4500 =001 INLIS000000000037019 =990 ##$$a 21400613/BPAP-NTB/20142014 =005 20240514103248 =035 ##$$a 0010-061300000037019 =008 240514################c##########0#ind## =041 ##$$a Ind =082 ##$$a F Rom K =090 ##$$a F Rom K, Sta s =245 ##$$a Star wars clone wars adventures vol.6 /$c Alih bahasa, Suryo H. Prasetio =260 ##$$a Jakarta :$b Gramedia,$c 2010 =300 ##$$a 76 hlm : $b Ilus ; $c 25 cm =650 #4$$a Fiksi kartun =700 #$$a Prasetio, Suryo =850 ##$$a NBPNMAT =084 ##$$a F Rom K STA =990 ##$$a 21400613/BPAP-NTB/20142014